Оценка качества воды для лесотехнических и лесохозяйственных нужд (Запись № 11246770)

Подробности
000 -МАРКЕР
контрольное поле 01767nam0a2200289 i 4500
001 - ИДЕНТИФИКАТОР ЗАПИСИ
контрольное поле RU\NLR\BIBL_A\011351318
005 - ИДЕНТИФИКАТОР ВЕРСИИ
контрольное поле 20240921233035.0
010 ## - МЕЖДУНАРОДНЫЙ СТАНДАРТНЫЙ НОМЕР КНИГИ (ISBN)
Номер (ISBN) 9785843001582
Тираж 100
021 ## - НОМЕР ГОСУДАРСТВЕННОЙ РЕГИСТРАЦИИ
Код страны Российская Федерация
Номер 2017-12130
Номер Листа государственной регистраци 892
035 ## - ДРУГИЕ СИСТЕМНЫЕ НОМЕРА
Идентификатор записи (NLR Aleph) 011351318
100 ## - ДАННЫЕ ОБЩЕЙ ОБРАБОТКИ
Данные общей обработки 20170322d2016 u y0rusy50 ca
101 0# - ЯЗЫК РЕСУРСА
Язык текста, звукозаписи и т.д. русский
102 ## - СТРАНА ПУБЛИКАЦИИ ИЛИ ПРОИЗВОДСТВА
Страна публикации Российская Федерация
105 ## - ПОЛЕ КОДИРОВАННЫХ ДАННЫХ: ТЕКСТОВЫЕ МАТЕРИАЛЫ, МОНОГРАФИЧЕСКИЕ
Кодированные данные о монографическом текстовом документе a j 000zy
200 1# - ЗАГЛАВИЕ И СВЕДЕНИЯ ОБ ОТВЕТСТВЕННОСТИ
Основное заглавие Оценка качества воды для лесотехнических и лесохозяйственных нужд
Сведения, относящиеся к заглавию качество воды и ее состав
-- [учебное пособие]
Первые сведения об ответственности М. И. Зайцева, Л. А. Девятникова
Последующие сведения об ответственности Министерство образования и науки Российской Федерации, Федеральное государственное бюджетное образовательное учреждение высшего образования Петрозаводский государственный университет
210 ## - ПУБЛИКАЦИЯ, РАСПРОСТРАНЕНИЕ И ДР.
Место издания, распространения и т.д. Петрозаводск
Имя издателя, распространителя и т. д. Петропресс
Дата издания, распространения и т.д. 22016
215 ## - ФИЗИЧЕСКАЯ ХАРАКТЕРИСТИКА
Специфическое обозначение материала и объем 31 с.
Другие сведения о физической характеристике ил.
Размеры 21
320 ## - ПРИМЕЧАНИЯ О НАЛИЧИИ В ДОКУМЕНТЕ БИБЛИОГРАФИИ / УКАЗАТЕЛЯ
Текст примечания Библиогр.: с. 30-31 (9 назв.)
606 1# - НАИМЕНОВАНИЕ ТЕМЫ КАК ПРЕДМЕТ
Наименование темы Питьевая вода
Формальный подзаголовок Учебные издания для высших учебных заведений
Тематический подзаголовок Качество
-- Гигиеническая оценка
Системный номер авторитетной/нормативной записи 1939407
Идентификатор авторитетной/нормативной записи RU\NLR\AUTH\66886158
686 1# - ИНДЕКСЫ ДРУГИХ КЛАССИФИКАЦИЙ
Индекс Р121.251.1я73
700 #1 - ИМЯ ЛИЦА - ПЕРВИЧНАЯ ОТВЕТСТВЕННОСТЬ
Начальный элемент ввода Зайцева
Часть имени, кроме начального элемента ввода М. И.
Дополнения к именам, кроме дат канд. техн. наук
Расширение инициалов личного имени Мария Игоревна
Системный номер авторитетной/нормативной записи 140891
Идентификатор авторитетной/нормативной записи RU\NLR\AUTH\770140927
701 #1 - ИМЯ ЛИЦА - АЛЬТЕРНАТИВНАЯ ОТВЕТСТВЕННОСТЬ
Начальный элемент ввода Девятникова
Часть имени, кроме начального элемента ввода Л. А.
Расширение инициалов личного имени Людмила Анатольевна
Системный номер авторитетной/нормативной записи 140898
Идентификатор авторитетной/нормативной записи RU\NLR\AUTH\770140934
942 ## - ДОПОЛНИТЕЛЬНЫЕ ЭЛЕМЕНТЫ ЗАПИСИ (АБИС)
Тип экземпляра АБИС Книга
980 ## - КОЛЛЕКЦИЯ
Название коллекции НБР

Нет доступных экземпляров.